| 000 | 00529nam a2200169 i 4500 | ||
|---|---|---|---|
| 001 | 70300 | ||
| 003 | ES-MaACL | ||
| 005 | 20230906170800.0 | ||
| 007 | t| | ||
| 008 | 040721s1952 dr f |||| |dspa d | ||
| 100 | 1 |
_aGarcía-Rodríguez, José María. _9163049 |
|
| 245 | 1 | 0 |
_aPrincesa de Francia en Castilla _b: [novela histórica] / _cJosé María García-Rodríguez. |
| 260 |
_aCiudad Trujillo : _bMontalvo, _c1952. |
||
| 300 |
_a254 p., [1] h. de lám. ; _c24 cm. |
||
| 852 |
_aES-MaACL _jC-5874 |
||
| 852 |
_aES-MaACL _jD-8462 |
||
| 999 |
_c70300 _d70300 |
||